000 00707cab a2200229 4500
001 WB3504-38
008 090401t1999 xxu||||| |||| 00| 0 eng d
035 _a(Sirsi) u90929
041 _aeng
245 _aAppeal to the Court of Appeal
260 _c1999
350 _a0
490 _aLands Tribunal Practice Direction
_v(1/99) 15 January 1999
520 _aOutlines the provisions of the Lands Tribunal Act 1949 concerning the right to appeal. Emphasises that the Tribunal`s decision on matters of fact is final.
650 _aCOURT OF APPEAL
650 _aLANDS TRIBUNAL
650 _aPRACTICE DIRECTION
650 _aRIGHT OF APPEAL
690 _aLAW
942 _n0
948 _c26/01/1999
999 _c57689
_d57689